|
|
|
|
| LEADER |
00000naa2a2200000 4500 |
| 001 |
385503 |
| 005 |
20231101063357.0 |
| 035 |
|
|
|a (RuTPU)RU\TPU\prd\13394
|
| 090 |
|
|
|a 385503
|
| 100 |
|
|
|a 20030506a2003 k y0rusy50 ca
|
| 101 |
0 |
|
|a rus
|
| 102 |
|
|
|a RU
|
| 200 |
1 |
|
|a XVI Губкинские чтения. Развитие нефтегазовой геологии - основа укрепления минерально-сырьевой базы
|f А. И. Владимиров
|
| 225 |
1 |
|
|a Информация
|
| 461 |
|
1 |
|0 (RuTPU)RU\TPU\prd\1638
|x 0028-2448
|t Нефтяное хозяйство
|o научно-технический производственный журнал
|d 1925-1940, 1946-
|
| 463 |
|
1 |
|0 (RuTPU)RU\TPU\prd\13357
|t № 1
|v С. 96-97
|d 2003
|
| 610 |
1 |
|
|a минерально-сырьевая база
|
| 610 |
1 |
|
|a нефтегазовая геология
|
| 675 |
|
|
|a 551.1/.4
|v 3
|
| 700 |
|
1 |
|a Владимиров
|b А. И.
|
| 801 |
|
1 |
|a RU
|b 63413507
|c 20030506
|g PSBO
|
| 801 |
|
2 |
|a RU
|b 63413507
|c 20131025
|g RCR
|
| 942 |
|
|
|c BK
|